000 02001cam a22006254i 4500
003 PE-LiUPU
005 20250731170418.0
008 150623s r 000 0 d
020 _a0828004196
035 _a(Sirsi) i9780828004190
040 _aPE-LiUPU
_bspa
_cPE-LiUPU
_erda
049 _aPRUA
082 0 4 _a170.7
_bD97
_221
100 1 _aDudley, Roger L.,
_eautor.
245 1 0 _aPassing on the torch :
_bhow to convey religious values to young people /
_cRoger L. Dudley.
264 1 _aHagerstown, MD. :
_bReview and Herald Publishing Association,
_c1986.
300 _a191 páginas ;
_c20 centímetros
336 _atext
_2rdacontent
337 _aunmediated
_2rdamedia
338 _avolume
_2rdacarrier
504 _aIncluye bibliografía.
505 0 _aUndertanding values. -How calues are acquired. -How to teach values.
526 _aSEG68
526 _aSEG70
526 _aSEG69
526 _aSEG67
526 _aSEG43
526 _aP144
526 _aP143
526 _aP131
526 _aP122
526 _aP120
526 _aP117
526 _aP112
526 _aP110
526 _aP106
526 _aP101
526 _aP80
526 _aP59
526 _aP54
526 _aP35
526 _aP33
526 _aP30
650 0 4 _aEducación moral.
_91896
650 0 4 _aJóvenes
_xConducta de vida.
650 0 4 _aJuventud
_xVida religiosa.
650 0 4 _aValores.
942 _2ddc
_cBOOK
949 _a170.7 D97
_wDEWEY
_c1
_i48059
_lCCODEBUL1
_mBUL
_r0
_sY
_tBOOK
_u2015-6-24
_xTEOLOGIA
_PP35
_0COMPRA
_o.STAFF. Colección General
994 _aC0
_bPEPRU
596 _a1
999 _a170.7 D97
_wDEWEY
_c24777
_i48059
_f2021-11-4
_g5
_lCCODEBUL1
_mBUL
_r0
_sY
_tBOOK
_u2015-6-24
_xBIBLIOTECA
_PP35
_0COMPRA
_o.STAFF. Colección General
_d24777
999 _a170.7 D97
_wDEWEY
_c2
_i75758
_f2021-11-4
_g4
_lCCODEBUL1
_mBUL
_p10.00
_r0
_sY
_tBOOK
_u2017-5-8
_xBIBLIOTECA
_PP85
_0COMPRA
_o.STAFF. Colección Teologia
980 _81
_gALBERTO SANCHEZ Responsable de Automatización